<?xml version="1.0" encoding="UTF-8"?>
<record
    xmlns:xsi="http://www.w3.org/2001/XMLSchema-instance"
    xsi:schemaLocation="http://www.loc.gov/MARC21/slim http://www.loc.gov/standards/marcxml/schema/MARC21slim.xsd"
    xmlns="http://www.loc.gov/MARC21/slim">

  <leader>00691nam a22001937a 4500</leader>
  <datafield tag="999" ind1=" " ind2=" ">
    <subfield code="c">180076</subfield>
    <subfield code="d">180076</subfield>
  </datafield>
  <controlfield tag="005">20210723111441.0</controlfield>
  <datafield tag="010" ind1=" " ind2=" ">
    <subfield code="a">UR-11156</subfield>
  </datafield>
  <datafield tag="020" ind1=" " ind2=" ">
    <subfield code="c">500.00</subfield>
    <subfield code="a">9789390789061</subfield>
  </datafield>
  <datafield tag="035" ind1=" " ind2=" ">
    <subfield code="a">U-9711</subfield>
  </datafield>
  <datafield tag="037" ind1=" " ind2=" ">
    <subfield code="b">DBAD/PUB</subfield>
  </datafield>
  <datafield tag="082" ind1=" " ind2=" ">
    <subfield code="a">840.08</subfield>
  </datafield>
  <datafield tag="100" ind1=" " ind2=" ">
    <subfield code="a">&#x6A9;&#x631; &#x627; &#x645;&#x62A; &#x639;&#x644;&#x6CC; &#x6A9;&#x631; &#x627; &#x645;&#x62A; </subfield>
  </datafield>
  <datafield tag="245" ind1=" " ind2=" ">
    <subfield code="a">&#x645;&#x64A;&#x631; &#x6D2; &#x645;&#x646;&#x62A;&#x62E;&#x628; &#x67E;&#x64A;&#x634; &#x644;&#x641;&#x638; (&#x62A;&#x646;&#x642;&#x64A;&#x62F; &#x648; &#x62A;&#x62C;&#x632; &#x64A;&#x6C1;)</subfield>
    <subfield code="c">&#x6A9;&#x631; &#x627; &#x645;&#x62A; &#x639;&#x644;&#x6CC; &#x6A9;&#x631; &#x627; &#x645;&#x62A; </subfield>
  </datafield>
  <datafield tag="246" ind1=" " ind2=" ">
    <subfield code="a">Mere Muntakhab Pesh Lafz (Urdu)</subfield>
    <subfield code="b">by Karamat Ali Karamat </subfield>
  </datafield>
  <datafield tag="260" ind1=" " ind2=" ">
    <subfield code="a">N.Delhi </subfield>
    <subfield code="c">2021 &#x621;</subfield>
    <subfield code="b">Educational Publishing House </subfield>
  </datafield>
  <datafield tag="270" ind1=" " ind2=" ">
    <subfield code="a">D-1/16, Ansari Road, Darya Ganj,</subfield>
    <subfield code="b">N.Delhi </subfield>
    <subfield code="e">110002</subfield>
    <subfield code="l">-</subfield>
  </datafield>
  <datafield tag="300" ind1=" " ind2=" ">
    <subfield code="a">480 &#x635; </subfield>
    <subfield code="c">22 Cm(Hb)</subfield>
  </datafield>
  <datafield tag="942" ind1=" " ind2=" ">
    <subfield code="2">ddc</subfield>
    <subfield code="c">UR</subfield>
    <subfield code="h">840.08</subfield>
    <subfield code="k">&#x6A9; &#x631; &#x627; </subfield>
  </datafield>
</record>
